MARC

Tag First Indicator Second Indicator Subfields
LEADER 00000cam a2200000Ia 4500
001 in00002002134
005 20220105141434.0
006 m d
007 cr cn-
008 030815s2002 nyu sb 001 0 eng d
020 |a 0585465711 (electronic bk.) 
035 |a (OCoLC)ocm52856220 
040 |a N$T  |c N$T  |d UtOrBLW 
043 |a a-is---  |a aw----- 
049 |a IKMN 
050 1 4 |a DS119.6  |b .B465 2002eb 
082 0 4 |a 956  |2 21 
100 1 |a Ben-Yehuda, Hemda,  |d 1954-  |0 http://id.loc.gov/authorities/names/n85296201 
245 1 4 |a The Arab-Israeli conflict transformed :  |b fifty years of interstate and ethnic crises /  |c Hemda Ben-Yehuda and Shmuel Sandler. 
264 1 |a Albany :  |b State University of New York Press,  |c 2002. 
300 |a xi, 291 pages ;  |c 24 cm. 
336 |a text  |b txt  |2 rdacontent 
337 |a computer  |b c  |2 rdamedia 
338 |a online resource  |b cr  |2 rdacarrier 
490 1 |a SUNY series in global politics 
504 |a Includes bibliographical references (pages 233-280) and index. 
533 |a Electronic reproduction.  |b Boulder, Colo. :  |c NetLibrary,  |d 2003.  |n Available via World Wide Web.  |n Access may be limited to NetLibrary affiliated libraries. 
500 |a Electronic resource. 
650 0 |a Arab-Israeli conflict.  |0 http://id.loc.gov/authorities/subjects/sh87002535 
650 0 |a Ethnic conflict  |z Israel. 
651 0 |a Israel  |x Ethnic relations.  |0 http://id.loc.gov/authorities/subjects/sh2008104294 
650 0 |a Jews  |z Israel  |x Identity.  |0 http://id.loc.gov/authorities/subjects/sh97005100 
650 0 |a Palestinian Arabs  |x Ethnic identity.  |0 http://id.loc.gov/authorities/subjects/sh2010104977 
653 |a Conflicto árabe-israelí. 
653 |a Conflicto étnico. 
653 |a Israel  |a Relaciones étnicas. 
653 |a Judíos  |a Israel  |a Identidad. 
655 7 |a Electronic books.  |2 local 
700 1 |a Sandler, Shmuel.  |0 http://id.loc.gov/authorities/names/n83057508 
710 2 |a NetLibrary, Inc.  |0 http://id.loc.gov/authorities/names/no99080690 
776 1 |c Original  |z 079145245X  |w (DLC) 2002017695  |w (OCoLC)48876604 
830 0 |a SUNY series in global politics.  |0 http://id.loc.gov/authorities/names/nr96030556 
856 4 1 |u https://proxy.library.tamu.edu/login?url=http://www.netLibrary.com/urlapi.asp?action=summary&v=1&bookid=91276  |z Connect to the full text of this electronic book  |t 0 
994 |a 92  |b IKM 
999 |a MARS 
999 f f |s e25d5212-cc62-3362-b5bf-bc1056ae2e3d  |i fa0d3616-87d6-3203-b51c-2818a4f45d72  |t 0 
952 f f |a Texas A&M University  |b College Station  |c Electronic Resources  |d Available Online  |t 0  |e DS119.6 .B465 2002eb  |h Library of Congress classification 
998 f f |a DS119.6 .B465 2002eb  |t 0  |l Available Online